000 00353nam a22000977a 4500
999 _c515711
_d515711
082 _aTNC Z00x54 In2
100 _a Ministry of Agriculture and Irrigation
_921475
245 _aReport of the national commission on agriculture 1976 :
_bPart IX forestry
_cby Ministry of Agriculture and Irrigation
260 _aNew Delhi
_bController
_c1976
300 _a457p.